000 00459nam a2200181Ia 4500
001 20008
005 20260306172734.0
008 260306t2021||||xx |||||||||||||| ||spa||
041 _aESP
082 _a342.112
_bB24
100 _aBarak, Aharon,
_eAUT
245 0 _aProporcionalidad :
_blos derecho fundamentales y sus restricciones
260 _c2021
300 _a664 páginas :
_c25 cm.
650 _aGEN
654 _aCDE
942 _cLIB
_dJUS
_fJUS
_2ddc
_n
999 _c20008
_d20008